| 000 | 00378cam a2200169ua 4500 | ||
|---|---|---|---|
| 020 | _c2.00 | ||
| 041 |
_amal _h |
||
| 082 |
_a894.812301 _bVKN/PA |
||
| 100 | _aV K N, . | ||
| 245 |
_aPayyan / _cV K N. _hTextual Documents |
||
| 260 |
_aThrissur : _bCurrent Books , _c1964. |
||
| 300 | _a132 ; . | ||
| 365 | _a2.00 | ||
| 504 | _a | ||
| 942 | _cBK | ||
| 999 |
_c4895 _d4895 |
||